[Event "O pohar mesta Ricany 2016"]
[Site "Kulturni centrum Labut, 17. Listopadu 214 25101 Ricany"]
[Date "2016.09.01"]
[Round "7.21"]
[White "Benes, Karel"]
[Black "Havelka, Petr"]
[Result "0-1"]
[WhiteElo "1713"]
[BlackElo "1827"]
[PlyCount "0"]
[EventDate "2016.09.01"]

1. Nf3 d5 2. d3 Nf6 3. g3 g6 4. b3 Bg7 5. Bb2 O-O 6. Bg2 c6 7. O-O Nbd7 8. Nbd2
Re8 9. Re1 Qb6 10. h3 Nh5 11. Bxg7 Kxg7 12. d4 e5 13. Nf1 e4 14. N3h2 f5 15. g4
Nf4 16. e3 Nxg2 17. Kxg2 Nf6 18. Ng3 fxg4 19. hxg4 Qc7 20. g5 Ng8 21. Ng4 Qd7
22. Nh2 Qh3+ 23. Kg1 Rf8 24. Re2 Bg4 25. Nxg4 Qxg4 26. Rd2 Qxg5 27. Qf1 Rf3
28. Qg2 Raf8 29. Rf1 Nh6 30. c4 Nf5 31. Nxf5+ R8xf5 32. Re1 Qh6 33. Qh2 Rg5+ 0-1

[Event "O pohar mesta Ricany 2016"]
[Site "Kulturni centrum Labut, 17. Listopadu 214 25101 Ricany"]
[Date "2016.09.01"]
[Round "7.22"]
[White "Paulovic, Milan"]
[Black "Skrabanek, Matej"]
[Result "1-0"]
[WhiteElo "1821"]
[BlackElo "1680"]
[PlyCount "0"]
[EventDate "2016.09.01"]

1. d4 Nf6 2. e3 g6 3. b3 Bg7 4. Bb2 O-O 5. Nd2 d6 6. c4 Nbd7 7. Qc2 b6 8. Be2
c5 9. Bf3 Rb8 10. h4 Bb7 11. Bxb7 Rxb7 12. g4 Nxg4 13. Qe4 Nxf2 14. Kxf2 cxd4
15. exd4 Rc7 16. Ngf3 f5 17. Qe6+ 1-0

[Event "O pohar mesta Ricany 2016"]
[Site "Kulturni centrum Labut, 17. Listopadu 214 25101 Ricany"]
[Date "2016.09.01"]
[Round "7.23"]
[White "Kovar, Jan"]
[Black "Konvalinka, Vladislav"]
[Result "1-0"]
[WhiteElo "1912"]
[BlackElo "1696"]
[PlyCount "0"]
[EventDate "2016.09.01"]

1. e4 e6 2. d4 d5 3. Nd2 Nf6 4. e5 Nfd7 5. c3 c5 6. Bd3 Nc6 7. Ne2 cxd4 8. cxd4
f6 9. Nf4 Qe7 10. exf6 Nxf6 11. Nf3 Qb4+ 12. Bd2 Qxb2 13. O-O Qb6 14. Re1 Nxd4
15. Nxd4 Qxd4 16. Nxe6 Bxe6 17. Rxe6+ Kf7 18. Re3 Bd6 19. Bc3 Qg4 20. Rf3 Qh5
1-0

[Event "O pohar mesta Ricany 2016"]
[Site "Kulturni centrum Labut, 17. Listopadu 214 25101 Ricany"]
[Date "2016.09.01"]
[Round "7.24"]
[White "Hlavacek, Ondrej"]
[Black "Vorackova, Jarmila"]
[Result "1/2-1/2"]
[WhiteElo "1591"]
[BlackElo "1878"]
[PlyCount "0"]
[EventDate "2016.09.01"]

1. Nf3 Nf6 2. g3 g6 3. Bg2 Bg7 4. O-O O-O 5. e3 d5 6. d4 Re8 7. b3 Nbd7 8. Bb2
c6 9. Nbd2 e5 10. dxe5 Ng4 11. c4 Ngxe5 12. Nxe5 Nxe5 13. cxd5 cxd5 14. Bxe5
Bxe5 15. Rc1 Be6 16. Nf3 Bg7 17. Nd4 Bxd4 18. Qxd4 Qa5 19. Qb2 Rac8 20. b4 Qa4
21. a3 b6 22. Rxc8 Rxc8 23. Rc1 Rc4 24. Bf1 Rxc1 25. Qxc1 a5 26. bxa5 bxa5
27. Bg2 Qb3 1/2-1/2

[Event "O pohar mesta Ricany 2016"]
[Site "Kulturni centrum Labut, 17. Listopadu 214 25101 Ricany"]
[Date "2016.09.01"]
[Round "7.25"]
[White "Sadil, Jan"]
[Black "Hejsek, Lukas"]
[Result "1/2-1/2"]
[WhiteElo "1798"]
[BlackElo "1668"]
[PlyCount "0"]
[EventDate "2016.09.01"]

1. d4 Nf6 2. Nf3 c5 3. c3 e6 4. g3 Nc6 5. Bg2 d5 6. O-O Be7 7. Nbd2 O-O 8. Re1
cxd4 9. cxd4 Qb6 10. Nb3 Bd7 11. Bg5 Rac8 12. Ne5 Rfd8 13. Rc1 h6 14. Bf4 a5
15. Nxc6 Rxc6 16. Rxc6 Bxc6 17. Bd2 Ra8 18. Qc2 Ba4 19. Rc1 Ne8 20. e3 Bb4
21. Bxb4 Qxb4 22. Qc3 Bxb3 23. axb3 Qxc3 24. bxc3 a4 25. bxa4 Rxa4 26. e4 dxe4
27. Bxe4 Nd6 28. Bf3 b5 29. d5 1/2-1/2

[Event "O pohar mesta Ricany 2016"]
[Site "Kulturni centrum Labut, 17. Listopadu 214 25101 Ricany"]
[Date "2016.09.01"]
[Round "7.26"]
[White "Novotna, Tereza"]
[Black "Stork, Rostislav"]
[Result "1/2-1/2"]
[WhiteElo "1566"]
[BlackElo "1779"]
[PlyCount "0"]
[EventDate "2016.09.01"]

1. d4 d5 2. c4 e5 3. dxe5 d4 4. Nf3 Nc6 5. Bf4 Nge7 6. e4 Ng6 7. Bg3 Bc5 8. a3
a5 9. Be2 O-O 10. h4 Re8 11. h5 Ngxe5 12. Nxe5 Nxe5 13. Nd2 d3 14. Bf3 a4
15. O-O Qd4 16. b4 Be7 17. c5 Bg5 18. Bxe5 Rxe5 19. g3 Qc3 20. Ra2 Be6 21. Nb1
Qd4 22. Rd2 Bxd2 23. Qxd2 Bb3 24. Nc3 c6 25. Re1 f6 26. Re3 Rd8 27. Kg2 Bf7
28. g4 Rg5 29. Kh3 Qd7 30. Kh4 Be6 31. Qd1 Qd4 32. Nxa4 g6 33. Nb6 d2 34. Be2
Qe5 35. Qf1 gxh5 36. f4 Qd4 37. Rd3 Rxg4+ 38. Kxh5 f5 39. Rxd4 Bf7+ 40. Kh6 Rg6+
41. Kh5 Rxd4 42. Kh4 fxe4 43. Bh5 e3 44. Bd1 Be6 45. Kh5 Bg4+ 46. Bxg4 Rxg4
47. Kxg4 d1=Q+ 48. Qxd1 Rxd1 49. Kf3 Rd3 50. Nc4 Kg7 51. Nd6 1/2-1/2

[Event "O pohar mesta Ricany 2016"]
[Site "Kulturni centrum Labut, 17. Listopadu 214 25101 Ricany"]
[Date "2016.09.01"]
[Round "7.27"]
[White "Palla, Ivan"]
[Black "Vilimova, Julie"]
[Result "0-1"]
[WhiteElo "1553"]
[BlackElo "1709"]
[PlyCount "0"]
[EventDate "2016.09.01"]

1. Nf3 d5 2. c4 e6 3. e3 c6 4. d4 f5 5. Ne5 Nf6 6. c5 Nbd7 7. Nd3 g6 8. Be2 Bg7
9. Nc3 O-O 10. f4 Ne4 11. g3 Ndf6 12. Bf3 b6 13. Qa4 Bb7 14. Qc2 Ba6 15. Rb1
Bxd3 16. Qxd3 bxc5 17. dxc5 Nxc5 18. Qc2 Nfe4 19. Bxe4 Nxe4 20. Bd2 0-1

[Event "O pohar mesta Ricany 2016"]
[Site "Kulturni centrum Labut, 17. Listopadu 214 25101 Ricany"]
[Date "2016.09.01"]
[Round "7.28"]
[White "Kucera, Josef"]
[Black "Chromovsky, Hynek"]
[Result "0-1"]
[WhiteElo "1716"]
[BlackElo "1724"]
[PlyCount "0"]
[EventDate "2016.09.01"]

1. Nf3 Nf6 2. g3 d6 3. d4 c6 4. Bg2 Nbd7 5. c4 e5 6. Nc3 Be7 7. O-O O-O 8. b3
e4 9. Ne1 d5 10. f3 exf3 11. Bxf3 dxc4 12. bxc4 Nb6 13. c5 Nbd5 14. Nxd5 Nxd5
15. e4 Nf6 16. Nc2 Re8 17. Ne3 Bf8 18. e5 Nd5 19. Nxd5 cxd5 20. Qb3 Be6 21. Qxb7
Re7 22. Qa6 Rc7 23. Rb1 Bf5 24. Rb2 Be4 25. Bxe4 dxe4 26. Be3 Be7 27. Rb7 Rxb7
28. Qxb7 Rb8 29. Qxe4 Rb2 30. Rf2 Rb4 31. Qf3 f6 32. e6 h6 33. d5 Qc8 34. Rc2
Rb1+ 35. Kg2 Bd6 36. Qe4 Be5 37. e7 Kf7 38. d6 Qd7 39. Bf4 Bxf4 40. Qxf4 Qc6+
41. Qf3 Rg1+ 42. Kxg1 Qxf3 43. c6 Qd1+ 0-1

[Event "O pohar mesta Ricany 2016"]
[Site "Kulturni centrum Labut, 17. Listopadu 214 25101 Ricany"]
[Date "2016.09.01"]
[Round "7.29"]
[White "Kuhnmund, Ivan"]
[Black "Pospichal, Michael"]
[Result "1-0"]
[WhiteElo "1709"]
[BlackElo "1650"]
[PlyCount "0"]
[EventDate "2016.09.01"]

1. e4 d5 2. exd5 Qxd5 3. Nc3 Qd6 4. d4 Nf6 5. Nf3 Bg4 6. Nb5 Qb6 7. d5 a6
8. Be3 Qa5+ 9. Bd2 Qb6 10. Be3 c5 11. dxc6 Qxc6 12. Ne5 Qc8 13. Bc4 e6 14. Nxg4
Qxc4 15. Nxf6+ gxf6 16. Nd6+ Bxd6 17. Qxd6 Nc6 18. Qc5 Qb4+ 19. Qxb4 Nxb4
20. Kd1 O-O-O+ 21. Kc1 Rd7 22. c3 Nd5 23. Re1 Nxe3 24. Rxe3 Rhd8 25. Kc2 Kc7
26. f3 {dale necitelne} 1-0

[Event "O pohar mesta Ricany 2016"]
[Site "Kulturni centrum Labut, 17. Listopadu 214 25101 Ricany"]
[Date "2016.09.02"]
[Round "8.1"]
[White "Balacek, Tadeas"]
[Black "Krejci, Jan"]
[Result "1/2-1/2"]
[WhiteElo "2298"]
[BlackElo "2496"]
[PlyCount "0"]
[EventDate "2016.09.02"]

1. d4 {[%clk 1:30:49]} Nf6 {[%clk 1:30:55]} 2. c4 {[%clk 1:30:38]} e6
{[%clk 1:31:21]} 3. Nf3 {[%clk 1:31:01]} c5 {[%clk 1:30:58]} 4. d5
{[%clk 1:30:53]} b5 {[%clk 1:31:17]} 5. e4 {[%clk 1:30:27]} Nxe4 {[%clk 1:31:15]}
6. Bd3 {[%clk 1:30:48]} Nf6 {[%clk 1:30:01]} 7. O-O {[%clk 1:30:41]} Bb7
{[%clk 1:27:10]} 8. Re1 {[%clk 1:15:30]} Be7 {[%clk 1:17:17]} 9. Nc3
{[%clk 0:59:48]} O-O {[%clk 1:06:55]} 10. dxe6 {[%clk 0:52:57]} dxe6
{[%clk 1:05:19]} 11. cxb5 {[%clk 0:52:19]} Nbd7 {[%clk 1:05:31]} 12. Bg5
{[%clk 0:50:32]} h6 {[%clk 1:00:13]} 13. Bh4 {[%clk 0:50:42]} Rc8
{[%clk 0:58:25]} 14. Qe2 {[%clk 0:46:43]} Qa5 {[%clk 0:56:04]} 15. Nd2
{[%clk 0:41:21]} Qd8 {[%clk 0:48:36]} 16. Nc4 {[%clk 0:38:16]} 1/2-1/2

[Event "O pohar mesta Ricany 2016"]
[Site "Kulturni centrum Labut, 17. Listopadu 214 25101 Ricany"]
[Date "2016.09.02"]
[Round "8.2"]
[White "Bures, Jaroslav"]
[Black "Rut, Vojtech"]
[Result "1-0"]
[WhiteElo "2376"]
[BlackElo "2135"]
[PlyCount "0"]
[EventDate "2016.09.02"]

1. Nf3 {[%clk 1:30:54]} f5 {[%clk 1:28:12]} 2. g3 {[%clk 1:29:57]} Nf6
{[%clk 1:28:15]} 3. Bg2 {[%clk 1:30:21]} g6 {[%clk 1:25:10]} 4. b3
{[%clk 1:24:54]} Bg7 {[%clk 1:25:10]} 5. Bb2 {[%clk 1:25:22]} O-O
{[%clk 1:24:56]} 6. O-O {[%clk 1:25:09]} c5 {[%clk 1:22:26]} 7. c4
{[%clk 1:23:34]} Nc6 {[%clk 1:18:00]} 8. d4 {[%clk 1:15:00]} cxd4
{[%clk 1:16:46]} 9. Nxd4 {[%clk 1:15:16]} Qb6 {[%clk 1:14:39]} 10. e3
{[%clk 1:09:27]} Re8 {[%clk 1:12:40]} 11. Nc3 {[%clk 1:07:33]} e6
{[%clk 1:01:55]} 12. Ndb5 {[%clk 0:59:48]} a6 {[%clk 0:57:50]} 13. Na4
{[%clk 0:56:23]} Qd8 {[%clk 0:56:45]} 14. Nd6 {[%clk 0:56:48]} Rf8
{[%clk 0:56:54]} 15. c5 {[%clk 0:54:15]} Rb8 {[%clk 0:55:34]} 16. Nb6
{[%clk 0:50:51]} Ne7 {[%clk 0:53:48]} 17. Rc1 {[%clk 0:48:14]} Ne8
{[%clk 0:51:45]} 18. Bxg7 {[%clk 0:47:57]} Kxg7 {[%clk 0:51:52]} 19. Nxe8+
{[%clk 0:47:16]} Qxe8 {[%clk 0:50:39]} 20. Qd6 {[%clk 0:47:39]} 1-0

[Event "O pohar mesta Ricany 2016"]
[Site "Kulturni centrum Labut, 17. Listopadu 214 25101 Ricany"]
[Date "2016.09.02"]
[Round "8.3"]
[White "Svatos, Jan"]
[Black "Cerny, Martin"]
[Result "1-0"]
[WhiteElo "2293"]
[BlackElo "2130"]
[PlyCount "0"]
[EventDate "2016.09.02"]

1. e4 {[%clk 1:30:56]} c6 {[%clk 1:17:23]} 2. d4 {[%clk 1:26:27]} d5
{[%clk 1:17:39]} 3. Nd2 {[%clk 1:26:51]} g6 {[%clk 1:18:05]} 4. e5
{[%clk 1:26:05]} Bg7 {[%clk 1:16:58]} 5. Bd3 {[%clk 1:26:05]} Nh6
{[%clk 1:17:00]} 6. Ndf3 {[%clk 1:24:19]} O-O {[%clk 1:12:42]} 7. Ne2
{[%clk 1:21:01]} f6 {[%clk 1:10:55]} 8. exf6 {[%clk 1:03:49]} exf6
{[%clk 1:11:14]} 9. O-O {[%clk 1:03:34]} a5 {[%clk 1:10:35]} 10. h3
{[%clk 1:01:08]} Na6 {[%clk 1:10:48]} 11. a3 {[%clk 0:56:27]} Bf5
{[%clk 1:06:51]} 12. Bxh6 {[%clk 0:43:52]} Bxd3 {[%clk 1:06:05]} 13. Bxg7
{[%clk 0:44:01]} Bxe2 {[%clk 1:06:24]} 14. Qxe2 {[%clk 0:44:25]} Kxg7
{[%clk 1:06:50]} 15. Rfe1 {[%clk 0:44:37]} Nc7 {[%clk 0:54:26]} 16. Qd2
{[%clk 0:44:10]} Qd6 {[%clk 0:52:07]} 17. Re3 {[%clk 0:40:14]} b6
{[%clk 0:51:08]} 18. Rae1 {[%clk 0:32:27]} Rae8 {[%clk 0:50:44]} 19. Nh2
{[%clk 0:31:50]} Rxe3 {[%clk 0:48:20]} 20. Rxe3 {[%clk 0:32:18]} Re8
{[%clk 0:48:38]} 21. Ng4 {[%clk 0:30:53]} Rxe3 {[%clk 0:47:04]} 22. Qxe3
{[%clk 0:30:29]} Qe6 {[%clk 0:39:55]} 23. Qh6+ {[%clk 0:30:38]} Kg8
{[%clk 0:40:22]} 24. Qf4 {[%clk 0:30:43]} Ne8 {[%clk 0:39:50]} 25. Qb8
{[%clk 0:30:58]} Kf7 {[%clk 0:33:31]} 26. Qb7+ {[%clk 0:22:45]} Kg8
{[%clk 0:29:51]} 27. Nh6+ {[%clk 0:20:29]} Kf8 {[%clk 0:28:23]} 28. Qxh7
{[%clk 0:20:23]} f5 {[%clk 0:28:02]} 29. Qh8+ {[%clk 0:12:48]} Ke7
{[%clk 0:28:22]} 30. Qh7+ {[%clk 0:12:49]} Kf8 {[%clk 0:28:36]} 31. h4
{[%clk 0:11:59]} Nd6 {[%clk 0:25:06]} 32. Qc7 {[%clk 0:05:37]} Qe1+
{[%clk 0:17:54]} 33. Kh2 {[%clk 0:06:03]} Qe7 {[%clk 0:18:18]} 34. Qxe7+
{[%clk 0:01:01]} Kxe7 {[%clk 0:18:40]} 35. g4 {[%clk 0:00:51]} Kf6
{[%clk 0:17:57]} 36. Kg3 {[%clk 0:00:59]} Kg7 {[%clk 0:17:55]} 37. g5
{[%clk 0:01:23]} Nc4 {[%clk 0:17:56]} 38. Kf4 {[%clk 0:01:31]} Nxb2
{[%clk 0:18:08]} 39. h5 {[%clk 0:01:49]} b5 {[%clk 0:17:15]} 40. hxg6
{[%clk 0:02:11]} b4 {[%clk 0:17:15]} 41. a4 {[%clk 0:01:53]} Nxa4
{[%clk 0:17:18]} 42. Nxf5+ {[%clk 0:02:09]} Kf8 {[%clk 0:17:22]} 43. g7+
{[%clk 0:01:47]} Kg8 {[%clk 0:15:37]} 44. Ke5 {[%clk 0:00:44]} Nb6
{[%clk 0:15:17]} 45. Kf6 {[%clk 0:01:08]} Nd7+ {[%clk 0:14:30]} 46. Kg6
{[%clk 0:01:34]} Nf8+ {[%clk 0:14:56]} 47. gxf8=Q+ {[%clk 0:01:49]} Kxf8
{[%clk 0:15:17]} 48. Kf6 {[%clk 0:02:12]} 1-0

[Event "O pohar mesta Ricany 2016"]
[Site "Kulturni centrum Labut, 17. Listopadu 214 25101 Ricany"]
[Date "2016.09.02"]
[Round "8.4"]
[White "Vojta, Tomas"]
[Black "Krivanek, Vladimir"]
[Result "1-0"]
[WhiteElo "2384"]
[BlackElo "2109"]
[PlyCount "0"]
[EventDate "2016.09.02"]

1. e4 e6 2. d4 d5 3. e5 c5 4. Qg4 Nc6 5. Nf3 cxd4 6. Bd3 Bd7 7. O-O Nge7 8. a3
Ng6 9. Qg3 Be7 10. Re1 a5 11. c3 dxc3 12. Nxc3 O-O 13. Bd2 a4 14. Nb5 Na5 15. Bg5
Bxg5 16. Nxg5 Bxb5 17. Bxb5 h6 18. Nxe6 fxe6 19. Qxg6 Qb6 20. Bd7 Ra6 21. Bxa4
Qxf2+ 22. Kh1 Qf5 23. Qg3 Nc4 24. Bb5 Rb6 25. a4 Nd2 26. Qe3 Rxb5 27. axb5 Ne4
28. Kg1 Qxe5 29. b4 Qb2 30. Rab1 Qa2 31. Rf1 Rf2 32. Rxf2 Qxb1+ 33. Rf1 Qxb4 34.
b6 Nc5 35. Rc1 Ne4 36. h3 Qa5 37. Qd4 e5 38. Qxe5 Qxb6+ 39. Kh2 Qd6 40. Qxd6 Nxd6
41. Rc7 b6 42. Rd7 Nc4 43. Kg3 Kf8 44. Kf4 g6 45. g4 Ke8 46. Rg7 g5+ 47. Kf5 d4
48. Ke4 Kf8 49. Rh7 d3 50. Kxd3 Ne5+ 51. Ke4 Nf7 52. Kf5 Kg8 53. Kg6 Ne5+ 54.
Kxh6 Nf7+ 55. Rxf7 Kxf7 56. Kxg5 Ke6 57. Kf4 1-0

[Event "O pohar mesta Ricany 2016"]
[Site "Kulturni centrum Labut, 17. Listopadu 214 25101 Ricany"]
[Date "2016.09.02"]
[Round "8.5"]
[White "Skacel, Jan"]
[Black "Soural, Jan"]
[Result "1/2-1/2"]
[WhiteElo "2030"]
[BlackElo "2222"]
[PlyCount "0"]
[EventDate "2016.09.02"]

1. c4 Nf6 2. Nf3 c5 3. Nc3 e6 4. g3 b6 5. Bg2 Bb7 6. O-O Be7 7. d4 cxd4 8. Nxd4
Bxg2 9. Kxg2 Qc8 10. Qd3 Nc6 11. Nxc6 Qxc6+ 12. Kg1 Rc8 13. Nb5 Qxc4 14. Nxa7
Qxd3 15. exd3 Rc2 16. Nb5 Bc5 17. d4 Be7 18. Rd1 O-O 19. Rd2 Rc6 20. Re2 Nd5 21.
Be3 Ra8 22. a3 Kf8 23. Kf1 Ke8 24. Bd2 Bf6 25. Rb1 Kd8 26. Ke1 Nc7 27. Nxc7 Kxc7
28. Bf4+ d6 29. Rd2 g5 30. Be3 d5 31. Kd1 Rc4 32. b3 Rc3 33. a4 b5 34. axb5 Kb6
35. Rc2 Rac8 36. Rxc3 Rxc3 1/2-1/2

[Event "O pohar mesta Ricany 2016"]
[Site "Kulturni centrum Labut, 17. Listopadu 214 25101 Ricany"]
[Date "2016.09.02"]
[Round "8.6"]
[White "Hanl, Frantisek"]
[Black "Hrdina, Robin"]
[Result "1/2-1/2"]
[WhiteElo "2116"]
[BlackElo "2120"]
[PlyCount "0"]
[EventDate "2016.09.02"]

1. e4 {[%clk 1:30:58]} c5 {[%clk 1:30:55]} 2. Nf3 {[%clk 1:31:26]} e6
{[%clk 1:31:19]} 3. d4 {[%clk 1:31:53]} cxd4 {[%clk 1:31:45]} 4. Nxd4
{[%clk 1:32:21]} a6 {[%clk 1:32:06]} 5. Nc3 {[%clk 1:32:47]} Qc7 {[%clk 1:32:08]}
6. Be2 {[%clk 1:32:49]} Nf6 {[%clk 1:32:28]} 7. O-O {[%clk 1:33:10]} Be7
{[%clk 1:32:29]} 8. f4 {[%clk 1:33:19]} d6 {[%clk 1:32:53]} 9. Kh1
{[%clk 1:33:44]} Nbd7 {[%clk 1:30:22]} 10. Qe1 {[%clk 1:28:36]} O-O
{[%clk 1:29:03]} 11. Qg3 {[%clk 1:27:58]} Rd8 {[%clk 1:28:22]} 12. f5
{[%clk 1:20:34]} e5 {[%clk 1:28:33]} 13. Bh6 {[%clk 1:20:24]} Bf8
{[%clk 1:28:46]} 14. Ne6 {[%clk 1:20:10]} fxe6 {[%clk 1:27:17]} 15. fxe6
{[%clk 1:20:38]} Nc5 {[%clk 1:01:44]} 16. Rxf6 {[%clk 1:20:10]} Bxe6
{[%clk 0:59:01]} 17. Rff1 {[%clk 0:55:45]} Kh8 {[%clk 0:55:30]} 18. Be3
{[%clk 0:55:07]} b5 {[%clk 0:52:35]} 19. a3 {[%clk 0:54:11]} Rab8
{[%clk 0:50:44]} 20. Bg4 {[%clk 0:50:41]} Bg8 {[%clk 0:45:37]} 21. Qh3
{[%clk 0:48:12]} g6 {[%clk 0:41:16]} 22. Bg5 {[%clk 0:47:21]} Re8
{[%clk 0:40:24]} 23. Rf6 {[%clk 0:45:01]} Qg7 {[%clk 0:36:56]} 24. Rf2
{[%clk 0:44:24]} Qb7 {[%clk 0:34:27]} 25. b4 {[%clk 0:37:48]} Ne6
{[%clk 0:29:01]} 26. Bf6+ {[%clk 0:36:48]} Bg7 {[%clk 0:28:05]} 27. Nd5
{[%clk 0:35:30]} Nf4 {[%clk 0:20:24]} 28. Nxf4 {[%clk 0:33:44]} exf4
{[%clk 0:20:43]} 29. Rxf4 {[%clk 0:33:30]} Bxf6 {[%clk 0:17:23]} 30. Rxf6
{[%clk 0:33:53]} Qxe4 {[%clk 0:17:48]} 31. Raf1 {[%clk 0:31:52]} Bc4
{[%clk 0:16:30]} 32. Rg1 {[%clk 0:27:23]} Rbd8 {[%clk 0:15:55]} 33. c3
{[%clk 0:24:58]} Rf8 {[%clk 0:15:05]} 34. Bf3 {[%clk 0:23:58]} Qd3
{[%clk 0:14:07]} 35. Qh4 {[%clk 0:24:06]} Kg7 {[%clk 0:11:44]} 36. Rxf8
{[%clk 0:21:56]} 1/2-1/2

[Event "O pohar mesta Ricany 2016"]
[Site "Kulturni centrum Labut, 17. Listopadu 214 25101 Ricany"]
[Date "2016.09.02"]
[Round "8.7"]
[White "Grecny, Karol"]
[Black "Postupa, Pavel"]
[Result "1/2-1/2"]
[WhiteElo "1934"]
[BlackElo "1982"]
[PlyCount "0"]
[EventDate "2016.09.02"]

1. e4 {[%clk 1:30:57]} c5 {[%clk 1:30:56]} 2. Nf3 {[%clk 1:31:19]} e6
{[%clk 1:31:18]} 3. d4 {[%clk 1:31:43]} cxd4 {[%clk 1:31:42]} 4. Nxd4
{[%clk 1:32:05]} Nc6 {[%clk 1:32:05]} 5. Be3 {[%clk 1:28:10]} Qc7
{[%clk 1:32:11]} 6. Bd3 {[%clk 1:26:00]} Nf6 {[%clk 1:29:53]} 7. O-O
{[%clk 1:24:40]} a6 {[%clk 1:29:49]} 8. c3 {[%clk 1:22:51]} d5 {[%clk 1:28:36]}
9. Nd2 {[%clk 1:19:47]} Ne5 {[%clk 1:27:35]} 10. Bf4 {[%clk 1:17:00]} Bd6
{[%clk 1:27:08]} 11. Bxe5 {[%clk 1:14:12]} Bxe5 {[%clk 1:27:27]} 12. g3
{[%clk 1:14:28]} Bd7 {[%clk 1:08:57]} 13. N4f3 {[%clk 1:10:33]} dxe4
{[%clk 1:06:50]} 14. Nxe4 {[%clk 1:10:01]} Bc6 {[%clk 1:05:55]} 15. Nxe5
{[%clk 1:09:16]} Qxe5 {[%clk 1:05:49]} 16. Nxf6+ {[%clk 1:08:05]} Qxf6
{[%clk 1:04:30]} 17. Re1 {[%clk 1:07:47]} Rd8 {[%clk 1:04:08]} 18. Qc2
{[%clk 1:08:14]} Qf3 1/2-1/2

[Event "O pohar mesta Ricany 2016"]
[Site "Kulturni centrum Labut, 17. Listopadu 214 25101 Ricany"]
[Date "2016.09.02"]
[Round "8.8"]
[White "Hradecky, Ivo"]
[Black "Kunc, Jan"]
[Result "1-0"]
[WhiteElo "2051"]
[BlackElo "1832"]
[PlyCount "0"]
[EventDate "2016.09.02"]

1. d4 Nf6 2. c4 g6 3. Nc3 Bg7 4. e4 d6 5. Be2 O-O 6. Bg5 h6 7. Be3 Nbd7 8. Qd2 c5
9. d5 Kh7 10. h3 Qa5 11. Nf3 a6 12. a4 Ne8 13. O-O Ne5 14. Nxe5 dxe5 15. f4 h5
16. f5 Nf6 17. g4 hxg4 18. hxg4 Rh8 19. Kg2 Kg8 20. Qe1 Bd7 21. Qf2 Rc8 22. fxg6
fxg6 23. g5 Bh3+ 24. Kg1 Bxf1 25. Rxf1 Qc7 26. gxf6 exf6 27. Bg4 Re8 28. Be6+
Rxe6 29. dxe6 Qe7 30. Qd2 Rh3 31. Qd7 Bf8 32. Nd5 1-0

[Event "O pohar mesta Ricany 2016"]
[Site "Kulturni centrum Labut, 17. Listopadu 214 25101 Ricany"]
[Date "2016.09.02"]
[Round "8.9"]
[White "Otruba, Marek"]
[Black "Voracek, Zdenek"]
[Result "0-1"]
[WhiteElo "1806"]
[BlackElo "1977"]
[PlyCount "0"]
[EventDate "2016.09.02"]

1. d4 Nf6 2. c4 e6 3. Nf3 c5 4. d5 exd5 5. cxd5 b5 6. e4 Nxe4 7. Bd3 Nd6 8. O-O
Be7 9. Nc3 b4 10. Ne4 Nxe4 11. Bxe4 d6 12. Re1 O-O 13. Bd2 a5 14. h4 f5 15. Bc2
Bf6 16. Bg5 Na6 17. Qd2 Nc7 18. Bd3 Bb7 19. Bc4 h6 20. Bf4 Qd7 21. Re6 Nxe6
22. dxe6 Qc6 23. e7+ Rf7 24. Qxd6 Re8 25. Re1 Bxb2 26. Bxf7+ Kxf7 27. Qxc6 Bxc6
28. Be5 Bxf3 29. Bxb2 Bd5 30. Re5 Bxa2 31. Rxf5+ Kxe7 32. Rxc5 a4 33. Rb5 a3
34. Bxg7 b3 35. Kf1 b2 36. Bxb2 Bc4+ 37. Kg1 Bxb5 38. Bxa3+ Kf6 39. g3 Re1+
40. Kh2 h5 41. Bb4 0-1

[Event "O pohar mesta Ricany 2016"]
[Site "Kulturni centrum Labut, 17. Listopadu 214 25101 Ricany"]
[Date "2016.09.02"]
[Round "8.10"]
[White "Skokan, Frantisek"]
[Black "Zvolensky, David"]
[Result "1-0"]
[WhiteElo "1930"]
[BlackElo "1585"]
[PlyCount "0"]
[EventDate "2016.09.02"]

1. d4 Nf6 2. c4 c5 3. d5 b5 4. cxb5 a6 5. bxa6 Bxa6 6. Nc3 g6 7. Nf3 Bg7 8. Nd2
O-O 9. e4 Bxf1 10. Nxf1 Qa5 11. Bd2 d6 12. Ne3 Qb4 13. Qc2 Nbd7 14. f4 Rfb8
15. Rb1 Ne8 16. O-O Nc7 17. Kh1 Nb5 18. a3 Qa5 19. Nxb5 Qxb5 20. Bc3 Bd4 21. Ng4
Nb6 22. f5 Qc4 23. fxg6 fxg6 24. Nh6+ Kg7 25. Qd2 Rf8 26. Bxd4+ Qxd4 27. Qg5
Qxe4 28. Rfe1 Qxd5 29. Rxe7+ Kh8 30. Qxd5 Nxd5 31. Rd7 Ne3 32. Nf7+ Kg8 33. Nxd6
Rad8 34. Rxd8 Rxd8 35. Nb7 Rc8 36. Kg1 Rc7 37. Nd6 Rd7 38. Ne4 Rc7 39. Rc1 c4
40. Kf2 Nd5 41. g3 Rc6 42. Ke2 Rb6 43. Rc2 Kf7 44. Rd2 Nf6 45. Nd6+ Ke6 46. Nxc4
Rc6 47. Kd3 Kd5 48. Kc3+ Kc5 49. b4+ Kb5 50. a4+ 1-0

[Event "O pohar mesta Ricany 2016"]
[Site "Kulturni centrum Labut, 17. Listopadu 214 25101 Ricany"]
[Date "2016.09.02"]
[Round "8.11"]
[White "Lhotsky, Zdenek"]
[Black "Vavrinec, Tomas"]
[Result "1/2-1/2"]
[WhiteElo "1853"]
[BlackElo "1920"]
[PlyCount "0"]
[EventDate "2016.09.02"]

1. e4 e6 2. d4 d5 3. Nc3 Bb4 4. e5 c5 5. a3 cxd4 6. axb4 dxc3 7. Qg4 Kf8 8. Nf3
Qc7 9. Bd3 Nd7 10. O-O Nxe5 11. Nxe5 Qxe5 12. b5 Qc7 13. bxc3 Nf6 14. Ba3+ Kg8
15. Qb4 Qd8 16. Rfe1 b6 17. Rad1 Bb7 18. c4 Qc8 19. cxd5 Nxd5 20. Qg4 Qc3
21. Bd6 h5 22. Qg3 h4 23. Qg4 Nf6 24. Qf4 Nd5 25. Qf3 Qf6 26. Qg4 Qh6 27. Qf3
Qf6 28. Qg4 Qh6 29. Qf3 Qf6 1/2-1/2

[Event "O pohar mesta Ricany 2016"]
[Site "Kulturni centrum Labut, 17. Listopadu 214 25101 Ricany"]
[Date "2016.09.02"]
[Round "8.12"]
[White "Rastocny, Josef"]
[Black "Blumel, Otto"]
[Result "0-1"]
[WhiteElo "1908"]
[BlackElo "2061"]
[PlyCount "0"]
[EventDate "2016.09.02"]

1. d4 e5 2. dxe5 Nc6 3. Nf3 Qe7 4. Nc3 Nxe5 5. Nxe5 Qxe5 6. g3 Bb4 7. Bd2 d5
8. Bg2 c6 9. a3 Bc5 10. O-O Nf6 11. Bf4 Qh5 12. b4 Bb6 13. e4 Bg4 14. Qd2 O-O
15. exd5 Rad8 16. d6 Bh3 17. Bg5 Ng4 18. Bh4 Ne5 19. Qf4 Bxg2 20. Kxg2 Ng6
21. Qd2 Nxh4+ 22. gxh4 Qg6+ 23. Qg5 Rxd6 24. Rad1 Rxd1 25. Rxd1 Qxc2 0-1

[Event "O pohar mesta Ricany 2016"]
[Site "Kulturni centrum Labut, 17. Listopadu 214 25101 Ricany"]
[Date "2016.09.02"]
[Round "8.13"]
[White "Stanek, Ondrej"]
[Black "Steiner, Juraj"]
[Result "0-1"]
[WhiteElo "1837"]
[BlackElo "2044"]
[PlyCount "0"]
[EventDate "2016.09.02"]

1. e4 c5 2. c3 Nf6 3. e5 Nd5 4. d4 cxd4 5. cxd4 e6 6. Nf3 Nc6 7. Bc4 d6 8. O-O
Be7 9. Re1 O-O 10. Nc3 Nxc3 11. bxc3 dxe5 12. Nxe5 Nxe5 13. Rxe5 Bf6 14. Re3 Qa5
15. Rg3 g6 16. Bh6 Bg7 17. Qd2 Bxh6 18. Qxh6 e5 19. Re1 Qb6 20. Rxe5 Qb1+
21. Bf1 Bf5 22. Rxf5 Qxf5 23. Rh3 Rfe8 24. Qxh7+ Kf8 25. Rf3 Qe6 26. c4 f5
27. d5 Qf6 28. g4 Re7 29. Qh6+ Qg7 30. Qg5 Kg8 31. gxf5 gxf5 32. Rxf5 Rf8
33. Rxf8+ Kxf8 34. Qxg7+ Rxg7+ 35. Kh1 b6 36. f3 Ke7 37. Bd3 a5 38. h4 Rg3
39. Be4 Rh3+ 40. Kg2 Rxh4 41. Kg3 Rh1 42. Kf4 Kd6 43. Bc2 Rc1 44. Bd3 a4 45. Ke4
a3 46. Kd4 Ra1 47. Kc3 Rxa2 48. Bc2 Ra1 49. Kb3 Rc1 50. Be4 Rxc4 51. Kxa3 Kc5
52. Kb3 b5 53. Bg6 b4 54. Be4 Rc3+ 55. Kb2 Re3 56. Kc2 Kc4 57. d6 Re2+ 58. Kd1
Rh2 59. d7 Rh8 60. Bg6 b3 61. Be8 b2 62. Bf7+ Kc3 63. Bg6 Rd8 64. Bf5 Rxd7+ 0-1